000
00326pab a2200145 454500
008
180718b1985 xxu||||| |||| 00| 0 eng d
100
_a
Mahapatra, C.
245
_a
Youth and national development
260
_c
1985
300
_a
8-9
362
_a
Feb.
650
_a
Youth - India
773
_a
Kurukshetra
909
_a
21103
999
_c
21103
_d
21103